[Event "Charleroi op"]
[Site "Roux"]
[Date "2023.08.03"]
[Round "7"]
[White "Pirard, Natan"]
[Black "Cools, Gorik"]
[Result "1-0"]
[WhiteElo "2280"]
[BlackElo "2217"]
[PlyCount "95"]
[EventDate "2023.07.29"]
[EventType "swiss"]
[EventRounds "9"]
[EventCountry "BEL"]
[SourceTitle "CBM 215 Extra"]
[Source "ChessBase"]
[SourceDate "2023.09.30"]
[SourceVersion "1"]
[SourceVersionDate "2023.09.30"]
[SourceQuality "1"]

1. e4 e5 2. Nf3 Nc6 3. Bb5 a6 4. Ba4 Nf6 5. 0-0 Nxe4 6. d4 b5 7. Bb3 d5 8. dxe5 Be6 9. Be3 Be7 10. c3 0-0 11. h3 Qd7 12. Nbd2 Kh8 13. Nxe4 dxe4 14. Qxd7 Bxd7 15. Rad1 Rad8 16. Ng5 Nxe5 17. Nxe4 Bf5 18. Bc5 Bxc5 19. Nxc5 a5 20. Rxd8 Rxd8 21. Re1 f6 22. f4 Ng6 23. Nb7 Rf8 24. Nxa5 Nxf4 25. Re7 c5 26. c4 bxc4 27. Nxc4 h5 28. Nd6 Bg6 29. Nb7 Rc8 30. Bc4 Bd3 31. Nd6 Rb8 32. b3 h4 33. Kf2 Bxc4 34. Nxc4 Nd3+ 35. Kf3 Nc1 36. Ra7 Rd8 37. Ke4 Rd4+ 38. Kf5 Kh7 39. Ne3 Nd3 40. Ng4 Rf4+ 41. Ke6 Kg6 42. Ra4 Rf5 43. Kd6 Ne1 44. Ne3 Re5 45. Nd5 Nxg2 46. Rg4+ Rg5 47. Rxg2 Rxg2 48. Nf4+ 1-0

[Event "Bruges Masters op"]
[Site "Bruges"]
[Date "2021.08.17"]
[Round "6"]
[White "Cools, Gorik"]
[Black "Carlstedt, Jonathan"]
[Result "1/2-1/2"]
[WhiteElo "2236"]
[BlackElo "2442"]
[PlyCount "141"]
[EventDate "2021.08.14"]
[EventType "swiss"]
[EventRounds "9"]
[EventCountry "BEL"]
[SourceTitle "CBM 203 Extra"]
[Source "ChessBase"]
[SourceDate "2021.09.30"]
[SourceVersion "1"]
[SourceVersionDate "2021.09.30"]
[SourceQuality "1"]

1. e4 e5 2. Nf3 Nc6 3. Bb5 a6 4. Bxc6 dxc6 5. 0-0 Bg4 6. h3 h5 7. d3 Qf6 8. Nbd2 g5 9. Nc4 Bxf3 10. Qxf3 Qxf3 11. gxf3 f6 12. h4 gxh4 13. f4 b5 14. Na5 Bd6 15. Kg2 Ne7 16. f5 Rg8+ 17. Kf3 0-0-0 18. Be3 Rg4 19. Rh1 c5 20. a4 bxa4 21. Rxa4 Nxf5 22. Nc4 Nd4+ 23. Bxd4 cxd4 24. Rxa6 Kd7 25. Ke2 Rb8 26. b3 Be7 27. Nd2 Rb5 28. Nf3 Rc5 29. Ra2 f5 30. b4 Rb5 31. Ra5 Rxa5 32. bxa5 Ke6 33. exf5+ Kxf5 34. a6 Rg8 35. Nxh4+ Ke6 36. Nf3 Ra8 37. Rxh5 Bd6 38. Ng5+ Kd5 39. f4 exf4 40. Nf3+ Kc6 41. Nxd4+ Kb6 42. Nb5 Rxa6 43. Nxd6 cxd6 44. Rf5 Ra2 45. Kd2 Ra4 46. c4 Ra2+ 47. Kc3 Rf2 48. Kd4 Rf3 49. Ke4 Re3+ 50. Kd4 Rf3 51. Rd5 Kc6 52. Ke4 Rf1 53. Rf5 Re1+ 54. Kxf4 Rf1+ 55. Ke4 Rxf5 56. Kxf5 d5 57. c5 Kxc5 58. Ke5 d4 59. Ke4 Kc6 60. Kxd4 Kd6 61. Ke4 Ke6 62. d4 Kd6 63. d5 Kd7 64. Ke5 Ke7 65. d6+ Kd7 66. Kd5 Kd8 67. Ke5 Kd7 68. Kd5 Kd8 69. Ke6 Ke8 70. d7+ Kd8 71. Kd6 1/2-1/2

[Event "BEL-ch"]
[Site "Roux"]
[Date "2019.08.02"]
[Round "8"]
[White "Cools, Gorik"]
[Black "Dgebuadze, Alexandre"]
[Result "1-0"]
[WhiteElo "2280"]
[BlackElo "2495"]
[PlyCount "71"]
[EventDate "2019.07.27"]
[EventType "tourn"]
[EventRounds "9"]
[EventCountry "BEL"]
[EventCategory "5"]
[SourceTitle "CBM 191 Extra"]
[Source "ChessBase"]
[SourceDate "2019.09.30"]
[SourceVersion "1"]
[SourceVersionDate "2019.09.30"]
[SourceQuality "1"]

1. e4 e6 2. d3 d5 3. Nd2 c5 4. g3 g6 5. Bg2 Bg7 6. Ngf3 Nc6 7. 0-0 Nf6 8. Re1 0-0 9. c3 a5 10. exd5 exd5 11. Nb3 b6 12. a4 Ra7 13. d4 c4 14. Nbd2 Re8 15. Rxe8+ Qxe8 16. b3 cxb3 17. Qxb3 Re7 18. Ba3 Re6 19. Qxb6 Nb4 20. Qb8 Nd7 21. Qc7 Nc2 22. Ra2 Nxa3 23. Rxa3 Nb6 24. Rb3 Rc6 25. Qa7 Nc4 26. Nxc4 Rxc4 27. Bf1 Bf8 28. Bxc4 dxc4 29. Rb1 Qe4 30. Qxf7+ Kxf7 31. Ng5+ Kf6 32. Nxe4+ Kf5 33. f3 Bd7 34. Rb6 Be7 35. Ra6 Bd8 36. Rd6 1-0

[Event "BEL-ch"]
[Site "Roux"]
[Date "2019.08.01"]
[Round "7"]
[White "Lenaerts, Lennert"]
[Black "Cools, Gorik"]
[Result "1/2-1/2"]
[WhiteElo "2355"]
[BlackElo "2280"]
[PlyCount "96"]
[EventDate "2019.07.27"]
[EventType "tourn"]
[EventRounds "9"]
[EventCountry "BEL"]
[EventCategory "5"]
[SourceTitle "CBM 191 Extra"]
[Source "ChessBase"]
[SourceDate "2019.09.30"]
[SourceVersion "1"]
[SourceVersionDate "2019.09.30"]
[SourceQuality "1"]

1. d4 Nf6 2. c4 g6 3. f3 c5 4. d5 e6 5. Nc3 exd5 6. cxd5 d6 7. e4 Bg7 8. Be3 0-0 9. Qd2 Re8 10. a4 Na6 11. Nge2 Nb4 12. Nc1 Nd7 13. Be2 f5 14. 0-0 fxe4 15. Nxe4 Ne5 16. Bg5 Qc7 17. Na2 Nxa2 18. Rxa2 Rf8 19. a5 Bf5 20. Ng3 Bd7 21. Bh6 Rae8 22. Bxg7 Kxg7 23. Ra3 Nf7 24. Ne4 Bf5 25. Qc3+ Ne5 26. Ng3 Kg8 27. f4 Ng4 28. Bxg4 Bxg4 29. h3 Bf5 30. Qd2 Qf7 31. h4 Be4 32. f5 Qxd5 33. Nxe4 Qxe4 34. Qxd6 Rxf5 35. Rxf5 Qxf5 36. Rf3 Qe5 37. Rf8+ Kg7 38. Qxe5+ Rxe5 39. Ra8 a6 40. Rc8 Kh6 41. Rc7 c4 42. Rxb7 Rxa5 43. Rc7 Ra1+ 44. Kh2 Rb1 45. Rxc4 Rxb2 46. Rc7 a5 47. Ra7 Rb5 48. g4 Rb2+ 1/2-1/2

[Event "Flemish-ch"]
[Site "Ghent"]
[Date "2018.05.11"]
[Round "3"]
[White "Cools, Gorik"]
[Black "De Block, Yordi"]
[Result "1/2-1/2"]
[WhiteElo "2303"]
[BlackElo "2068"]
[PlyCount "69"]
[EventDate "2018.05.10"]
[EventType "swiss"]
[EventRounds "7"]
[EventCountry "BEL"]
[SourceTitle "CBM 184 Extra"]
[Source "ChessBase"]
[SourceDate "2018.06.28"]
[SourceVersion "1"]
[SourceVersionDate "2018.06.28"]
[SourceQuality "1"]

1. Nf3 Nf6 2. g3 e6 3. d3 d5 4. Nbd2 Bc5 5. Bg2 Bxf2+ 6. Kxf2 Ng4+ 7. Kg1 Ne3 8. Qe1 Nxc2 9. Qd1 Nxa1 10. Nf1 Qf6 11. Ne3 Nc6 12. Ng4 Qe7 13. Be3 h5 14. Nge5 Nxe5 15. Nxe5 Qd6 16. Nf3 e5 17. Qxa1 Be6 18. Kf2 f6 19. b4 g5 20. Rc1 d4 21. Bd2 Bd5 22. Qb2 h4 23. b5 hxg3+ 24. hxg3 g4 25. Nh4 Bxg2 26. Kxg2 0-0-0 27. Qc2 Rd7 28. Qc5 Qd5+ 29. Qxd5 Rxd5 30. a4 Kd7 31. Nf5 Rh7 32. Nh6 Rg7 33. Nf5 Rh7 34. Nh6 Rg7 35. Nf5 1/2-1/2

[Event "BEL-ch"]
[Site "Niel"]
[Date "2017.07.09"]
[Round "9"]
[White "Cools, Gorik"]
[Black "Piceu, Tom"]
[Result "0-1"]
[WhiteElo "2327"]
[BlackElo "2378"]
[PlyCount "58"]
[EventDate "2017.07.01"]
[EventType "tourn"]
[EventRounds "9"]
[EventCountry "BEL"]
[EventCategory "5"]
[SourceTitle "EXT 2018"]
[Source "ChessBase"]
[SourceDate "2017.10.13"]
[SourceVersion "1"]
[SourceVersionDate "2017.10.13"]
[SourceQuality "1"]

1. b3 e5 2. Bb2 Nc6 3. c4 Nf6 4. e3 Be7 5. a3 0-0 6. Qc2 d6 7. Nf3 Bg4 8. Be2 e4 9. Ng5 Bxe2 10. Kxe2 Qd7 11. f3 d5 12. cxd5 Qxd5 13. Nxe4 Nxe4 14. Qxe4 Qxb3 15. Nc3 Rad8 16. Rab1 f5 17. Ba1 Qf7 18. Qa4 Qg6 19. g3 Ne5 20. d4 f4 21. e4 Nxf3 22. Kxf3 fxg3+ 23. Ke2 gxh2 24. Kd3 Rf2 25. Qxa7 Bf6 26. Nd5 Rxd5 27. Qxb7 Qg3+ 28. Kc4 Rc2+ 29. Kxd5 Qd6# 0-1

[Event "BEL-ch"]
[Site "Niel"]
[Date "2017.07.08"]
[Round "8"]
[White "Sterck, Arno"]
[Black "Cools, Gorik"]
[Result "1-0"]
[WhiteElo "2168"]
[BlackElo "2327"]
[PlyCount "51"]
[EventDate "2017.07.01"]
[EventType "tourn"]
[EventRounds "9"]
[EventCountry "BEL"]
[EventCategory "5"]
[SourceTitle "EXT 2018"]
[Source "ChessBase"]
[SourceDate "2017.10.13"]
[SourceVersion "1"]
[SourceVersionDate "2017.10.13"]
[SourceQuality "1"]

1. e4 c5 2. Nf3 d6 3. d4 cxd4 4. Nxd4 Nf6 5. Nc3 e6 6. g4 h6 7. h4 Nc6 8. Rg1 h5 9. gxh5 Nxh5 10. Bg5 Nf6 11. Qd2 Qb6 12. Nb3 a6 13. 0-0-0 Bd7 14. Kb1 Qc7 15. Qe3 Be7 16. f4 0-0-0 17. f5 Kb8 18. fxe6 fxe6 19. Bh3 b5 20. Bf4 Rxh4 21. Nc5 Bc8 22. Nxe6 Rxh3 23. Qxh3 Qd7 24. Nxd8 Qxh3 25. Nxc6+ Kb7 26. Nxe7 1-0

[Event "Ghent Taminco op 39th"]
[Site "Ghent"]
[Date "2016.07.16"]
[Round "2"]
[White "Cools, Gorik"]
[Black "Klaus, Dominik"]
[Result "1-0"]
[WhiteElo "2293"]
[BlackElo "2026"]
[PlyCount "45"]
[EventDate "2016.07.16"]
[EventType "swiss"]
[EventRounds "9"]
[EventCountry "BEL"]
[SourceTitle "CBM 173 Extra"]
[Source "ChessBase"]
[SourceDate "2016.08.29"]
[SourceVersion "1"]
[SourceVersionDate "2016.08.29"]
[SourceQuality "1"]

1. e4 c5 2. Nf3 d6 3. d4 cxd4 4. Nxd4 Nf6 5. Nc3 a6 6. g3 b5 7. Bg2 Bb7 8. 0-0 e6 9. Re1 Qc7 10. a4 b4 11. Nd5 exd5 12. exd5+ Kd8 13. Bg5 Nbd7 14. Qe2 Ne5 15. f4 Qc5 16. fxe5 Qxd4+ 17. Be3 Qxe5 18. Bb6+ Kd7 19. Bh3+ Ke8 20. Qd3 Nxd5 21. Bd4 Qe7 22. Bg2 Rb8 23. Ba7 1-0

[Event "BEL-ch"]
[Site "Buetgenbach"]
[Date "2016.07.09"]
[Round "8"]
[White "Cools, Gorik"]
[Black "Lenaerts, Lennert"]
[Result "1-0"]
[WhiteElo "2293"]
[BlackElo "2259"]
[PlyCount "79"]
[EventDate "2016.07.02"]
[EventType "tourn"]
[EventRounds "9"]
[EventCountry "BEL"]
[EventCategory "5"]
[SourceTitle "CBM 173 Extra"]
[Source "ChessBase"]
[SourceDate "2016.08.29"]
[SourceVersion "1"]
[SourceVersionDate "2016.08.29"]
[SourceQuality "1"]

1. e4 e5 2. Nf3 Nc6 3. Bb5 a6 4. Bxc6 dxc6 5. 0-0 Bg4 6. h3 h5 7. d3 Qf6 8. Nbd2 g5 9. Nc4 Bxf3 10. Qxf3 Qxf3 11. gxf3 f6 12. h4 gxh4 13. f4 b5 14. Nd2 exf4 15. Nf3 Bd6 16. Nxh4 Ne7 17. Kg2 Rg8+ 18. Kf3 Rg4 19. Rh1 0-0-0 20. Bd2 Be5 21. Bb4 c5 22. Bxc5 Nc6 23. Nf5 Bxb2 24. Rab1 Bc3 25. Rxh5 Ne5+ 26. Ke2 Re8 27. Rh7 Nd7 28. Bd4 Bxd4 29. Nxd4 Reg8 30. Nf5 Kd8 31. a4 bxa4 32. Rb4 Nb6 33. c4 R8g5 34. c5 f3+ 35. Kd2 Rxf5 36. cxb6 cxb6 37. Rxb6 Rb5 38. Rxa6 Rb2+ 39. Ke3 Rb8 40. Rxf6 1-0

[Event "BEL-ch op"]
[Site "Antwerp"]
[Date "2013.07.12"]
[Round "7"]
[White "Cools, Gorik"]
[Black "Foerster, Sven"]
[Result "1-0"]
[WhiteElo "2255"]
[BlackElo "2166"]
[PlyCount "89"]
[EventDate "2013.07.06"]
[EventType "swiss"]
[EventRounds "9"]
[EventCountry "BEL"]
[SourceTitle "CBM 155 Extra"]
[Source "ChessBase"]
[SourceDate "2013.08.26"]
[SourceVersion "1"]
[SourceVersionDate "2013.08.26"]
[SourceQuality "1"]

1. e4 c5 2. Nf3 d6 3. d4 cxd4 4. Nxd4 Nf6 5. Nc3 a6 6. f4 e5 7. Nf3 Qc7 8. Bd3 Nbd7 9. 0-0 Be7 10. Qe1 b5 11. a3 exf4 12. Bxf4 Ne5 13. Kh1 Be6 14. Nd4 Ng6 15. Bg5 0-0 16. Nf5 Bd8 17. Qg3 Nh5 18. Qg4 Nf6 19. Qf3 Ne5 20. Qg3 Nh5 21. Qh4 f6 22. Bh6 Bf7 23. Nd5 Qd7 24. Be2 g5 25. Qh3 Bxd5 26. exd5 Nf4 27. Rxf4 gxf4 28. Bxf8 Kxf8 29. Qh6+ Kg8 30. Qxf4 Ng6 31. Qg4 Kh8 32. Rf1 Bb6 33. Qg3 Ne5 34. Qh4 Rf8 35. h3 Qf7 36. Qh6 Rg8 37. Bh5 Ng6 38. Bf3 Qd7 39. Be4 Qe8 40. Nxd6 Qe7 41. Bxg6 Rxg6 42. Nf5 Qc5 43. Re1 Kg8 44. Ne7+ Qxe7 45. Qxg6+ 1-0

[Event "BEL-ch op"]
[Site "Antwerp"]
[Date "2013.07.09"]
[Round "4"]
[White "Roos, David"]
[Black "Cools, Gorik"]
[Result "1-0"]
[WhiteElo "2073"]
[BlackElo "2255"]
[PlyCount "109"]
[EventDate "2013.07.06"]
[EventType "swiss"]
[EventRounds "9"]
[EventCountry "BEL"]
[SourceTitle "CBM 155 Extra"]
[Source "ChessBase"]
[SourceDate "2013.08.26"]
[SourceVersion "1"]
[SourceVersionDate "2013.08.26"]
[SourceQuality "1"]

1. e4 c5 2. Nf3 e6 3. d4 cxd4 4. Nxd4 Nf6 5. Nc3 d6 6. Be3 a6 7. Qd2 b5 8. f3 Bb7 9. g4 Nc6 10. g5 Nd7 11. 0-0-0 Rc8 12. Kb1 Nce5 13. Rg1 Nb6 14. Qe1 b4 15. Nce2 d5 16. f4 Nec4 17. Bc1 Bc5 18. Rg3 Nd6 19. e5 Ne4 20. Rh3 Qe7 21. Bg2 a5 22. Bxe4 dxe4 23. Qg3 g6 24. Nb3 a4 25. Nxc5 Qxc5 26. Nd4 Nd5 27. Qf2 a3 28. Qf1 axb2 29. Bxb2 Ke7 30. a3 Rhd8 31. Rxh7 bxa3 32. Qh3 Nxf4 33. Qxa3 Qxa3 34. Bxa3+ Ke8 35. Rh8+ Kd7 36. Nc6+ Kxc6 37. Rdxd8 Rxd8 38. Rxd8 e3 39. Bb4 Kb5 40. Bc3 Kc4 41. Kb2 Ne2 42. Rd3 Nxc3 43. Rxc3+ Kd4 44. Rd3+ Ke4 45. Kc1 Kf3 46. Ra3 Kf2 47. Ra1 Bd5 48. c3 Bc4 49. Rb1 Bd3 50. Ra1 Ke1 51. Ra4 Ke2 52. Rf4 Ba6 53. Rxf7 Kd3 54. Kd1 Ke4 55. Rf6 1-0

[Event "BEL-ch op"]
[Site "Antwerp"]
[Date "2013.07.08"]
[Round "3"]
[White "Cools, Gorik"]
[Black "Lenaerts, Lennert"]
[Result "1-0"]
[WhiteElo "2255"]
[BlackElo "2120"]
[PlyCount "59"]
[EventDate "2013.07.06"]
[EventType "swiss"]
[EventRounds "9"]
[EventCountry "BEL"]
[SourceTitle "CBM 155 Extra"]
[Source "ChessBase"]
[SourceDate "2013.08.26"]
[SourceVersion "1"]
[SourceVersionDate "2013.08.26"]
[SourceQuality "1"]

1. e4 e5 2. Nf3 Nc6 3. Bb5 a6 4. Bxc6 dxc6 5. 0-0 Qf6 6. d4 exd4 7. Bg5 Qd6 8. Nxd4 Be7 9. Be3 c5 10. Nb3 Qxd1 11. Rxd1 b6 12. Bf4 Ra7 13. Nc3 Be6 14. a4 Nf6 15. f3 0-0 16. Rd2 Ne8 17. Nd5 Bxd5 18. Rxd5 Nd6 19. a5 b5 20. Rad1 Nc4 21. Rd7 Bf6 22. Nxc5 Nxb2 23. R1d5 Na4 24. Nxa4 bxa4 25. e5 g5 26. Be3 Rb7 27. exf6 a3 28. Rd8 Rb8 29. Rxf8+ Kxf8 30. Bc5+ 1-0

[Event "BEL-ch op"]
[Site "Antwerp"]
[Date "2013.07.07"]
[Round "2"]
[White "Wijgers, Toon"]
[Black "Cools, Gorik"]
[Result "0-1"]
[WhiteElo "1960"]
[BlackElo "2255"]
[PlyCount "58"]
[EventDate "2013.07.06"]
[EventType "swiss"]
[EventRounds "9"]
[EventCountry "BEL"]
[SourceTitle "CBM 155 Extra"]
[Source "ChessBase"]
[SourceDate "2013.08.26"]
[SourceVersion "1"]
[SourceVersionDate "2013.08.26"]
[SourceQuality "1"]

1. e4 c5 2. Nf3 d6 3. d4 cxd4 4. Nxd4 Nf6 5. Nc3 e6 6. Be3 a6 7. f3 b5 8. g4 Bb7 9. Qd2 Nc6 10. 0-0-0 Nd7 11. h4 Rc8 12. Bg2 Nce5 13. g5 Nc4 14. Qe1 Qa5 15. Nb3 Qc7 16. Na1 Nxe3 17. Qxe3 Ne5 18. Bf1 Be7 19. f4 Nc4 20. Bxc4 Qxc4 21. Rhe1 0-0 22. f5 Rfe8 23. f6 gxf6 24. gxf6 Bxf6 25. Qh6 Be5 26. Rg1+ Kh8 27. Rxd6 Rg8 28. Rdd1 b4 29. Na4 Qxa2 0-1

[Event "BEL-ch op"]
[Site "Antwerp"]
[Date "2013.07.06"]
[Round "1"]
[White "Cools, Gorik"]
[Black "De Weird, Gunther"]
[Result "1-0"]
[WhiteElo "2255"]
[BlackElo "1808"]
[PlyCount "70"]
[EventDate "2013.07.06"]
[EventType "swiss"]
[EventRounds "9"]
[EventCountry "BEL"]
[SourceTitle "CBM 155 Extra"]
[Source "ChessBase"]
[SourceDate "2013.08.26"]
[SourceVersion "1"]
[SourceVersionDate "2013.08.26"]
[SourceQuality "1"]

1. e4 e6 2. d3 a6 3. g3 c5 4. Bg2 Nc6 5. Nf3 Nf6 6. 0-0 b5 7. Re1 Bb7 8. Nbd2 Qb6 9. Nf1 Be7 10. e5 Nd5 11. c4 Nc7 12. Bf4 h6 13. h4 Nd4 14. N1d2 Nxf3+ 15. Nxf3 bxc4 16. dxc4 Bc6 17. Qd3 Qb7 18. h5 0-0 19. Rad1 Rad8 20. b3 a5 21. Re2 Na6 22. Red2 Nc7 23. Ne1 Ne8 24. Bxc6 Qxc6 25. Qc3 f6 26. Qxa5 fxe5 27. Bxe5 Rf5 28. Qc3 Rxh5 29. f3 d6 30. Bf4 e5 31. g4 Nf6 32. gxh5 exf4 33. Re2 Qe8 34. Qd3 Kh8 35. Qg6 Ra8 1-0

[Event "Brasschaat op 12th"]
[Site "Brasschaat"]
[Date "2012.08.20"]
[Round "3"]
[White "Vande Velde, Erik"]
[Black "Cools, Gorik"]
[Result "0-1"]
[WhiteElo "1949"]
[BlackElo "2239"]
[PlyCount "56"]
[EventDate "2012.08.18"]
[EventType "swiss"]
[EventRounds "9"]
[EventCountry "BEL"]
[SourceTitle "EXT 2017"]
[Source "ChessBase"]
[SourceDate "2016.10.25"]
[SourceVersion "1"]
[SourceVersionDate "2016.10.25"]
[SourceQuality "1"]

1. e4 c6 2. d4 d5 3. f3 g6 4. Nc3 Bg7 5. Be3 dxe4 6. fxe4 Nf6 7. Nf3 Ng4 8. Qd2 Nxe3 9. Qxe3 Qb6 10. 0-0-0 e5 11. Qd2 exd4 12. Nxd4 0-0 13. Na4 Qc7 14. Nf3 Nd7 15. Bd3 b5 16. Nc3 Nc5 17. Rde1 Qa5 18. e5 Rd8 19. Rhf1 Be6 20. Qe3 b4 21. Nb1 Bxa2 22. Nd4 b3 23. Bxg6 hxg6 24. Nxc6 Nd3+ 25. cxd3 Rac8 26. Nc3 Rxc6 27. d4 Bh6 28. Qxh6 Rxc3+ 0-1

[Event "Brasschaat op 11th"]
[Site "Brasschaat"]
[Date "2011.08.21"]
[Round "2"]
[White "Cools, Gorik"]
[Black "Laporte, Pol"]
[Result "1/2-1/2"]
[WhiteElo "2230"]
[BlackElo "1841"]
[PlyCount "28"]
[EventDate "2011.08.20"]
[EventType "swiss"]
[EventRounds "9"]
[EventCountry "BEL"]
[SourceTitle "CBM 144 Extra"]
[Source "ChessBase"]
[SourceDate "2011.10.28"]
[SourceVersion "1"]
[SourceVersionDate "2011.10.28"]
[SourceQuality "1"]

1. Nf3 Nf6 2. c4 g6 3. Nc3 Bg7 4. g3 b6 5. Bg2 Bb7 6. 0-0 c5 7. d3 0-0 8. Rb1 d6 9. a3 Nbd7 10. Bg5 Rb8 11. b4 h6 12. Bd2 Ba8 13. Qa4 Bb7 14. Qxa7 Bc6 1/2-1/2

[Event "Charleroi op"]
[Site "Charleroi"]
[Date "2011.08.05"]
[Round "8"]
[White "Cools, Gorik"]
[Black "Lacroix, Bruno"]
[Result "1-0"]
[WhiteElo "2230"]
[BlackElo "2185"]
[PlyCount "111"]
[EventDate "2011.07.30"]
[EventType "swiss"]
[EventRounds "9"]
[EventCountry "BEL"]
[SourceTitle "EXT 2012"]
[Source "ChessBase"]
[SourceDate "2011.11.24"]
[SourceVersion "1"]
[SourceVersionDate "2011.11.24"]
[SourceQuality "1"]

1. e4 e6 2. d4 d5 3. e5 c5 4. c3 Nc6 5. Nf3 Bd7 6. Be2 f6 7. 0-0 fxe5 8. Nxe5 Nxe5 9. dxe5 Qc7 10. f4 Nh6 11. Be3 Be7 12. Nd2 0-0-0 13. Rc1 g5 14. fxg5 Nf5 15. Bf4 c4 16. Kh1 Qb6 17. Qe1 Rdg8 18. Bg4 Bxg5 19. Bxf5 Bxf4 20. Rxf4 exf5 21. Rf2 Rg4 22. Nf3 Rhg8 23. Qd2 Qg6 24. Rcf1 Qg7 25. Nd4 Qxe5 26. Nxf5 Bxf5 27. Rxf5 Qe4 28. Qxd5 Qxd5 29. Rxd5 Rxg2 30. Rf8+ Rxf8 31. Kxg2 Rf4 32. Rh5 Rf6 33. Rc5+ Kd7 34. Rxc4 h6 35. Kg3 Ra6 36. a4 Re6 37. Kf3 a5 38. Rd4+ Kc7 39. Re4 Rb6 40. Re2 Rf6+ 41. Ke4 Rd6 42. Rg2 Rb6 43. Kf5 Kb8 44. h4 Ka8 45. h5 Ka7 46. Ke5 Rc6 47. Rd2 b6 48. Kf5 Ka6 49. Rd5 Ka7 50. Re5 Rd6 51. Re6 Rd2 52. Rxh6 Rxb2 53. Rh7+ Ka8 54. Rg7 Rh2 55. Kg6 Rh4 56. h6 1-0

[Event "Charleroi op"]
[Site "Charleroi"]
[Date "2011.08.04"]
[Round "7"]
[White "De Villers, Mourad"]
[Black "Cools, Gorik"]
[Result "0-1"]
[WhiteElo "2121"]
[BlackElo "2230"]
[PlyCount "56"]
[EventDate "2011.07.30"]
[EventType "swiss"]
[EventRounds "9"]
[EventCountry "BEL"]
[SourceTitle "EXT 2012"]
[Source "ChessBase"]
[SourceDate "2011.11.24"]
[SourceVersion "1"]
[SourceVersionDate "2011.11.24"]
[SourceQuality "1"]

1. c4 e5 2. g3 Nf6 3. Bg2 Nc6 4. Nc3 Bb4 5. Nd5 a5 6. e3 0-0 7. Ne2 d6 8. 0-0 Bc5 9. d4 Ba7 10. h3 exd4 11. exd4 Nxd5 12. cxd5 Ne7 13. g4 Ng6 14. f4 f5 15. Nc3 fxg4 16. hxg4 Qh4 17. Nb5 Bxg4 18. Qc2 Bb6 19. f5 Ne7 20. f6 Rxf6 21. Rxf6 Qxf6 22. Be3 Nf5 23. Bf2 Re8 24. Be4 Qg6 25. Kh2 Qh5+ 26. Kg1 Bf3 27. Bxf3 Qxf3 28. Re1 Rxe1+ 0-1

[Event "Charleroi op"]
[Site "Charleroi"]
[Date "2011.08.01"]
[Round "3"]
[White "Baguet, Frederic"]
[Black "Cools, Gorik"]
[Result "0-1"]
[WhiteElo "2010"]
[BlackElo "2230"]
[PlyCount "70"]
[EventDate "2011.07.30"]
[EventType "swiss"]
[EventRounds "9"]
[EventCountry "BEL"]
[SourceTitle "EXT 2012"]
[Source "ChessBase"]
[SourceDate "2011.11.24"]
[SourceVersion "1"]
[SourceVersionDate "2011.11.24"]
[SourceQuality "1"]

1. d4 Nf6 2. Nc3 d6 3. e4 c6 4. f4 Qa5 5. Bd3 e5 6. dxe5 dxe5 7. f5 Nbd7 8. Qf3 b5 9. Bd2 Qc7 10. a3 a6 11. g4 h6 12. h4 Nc5 13. Nh3 Bb7 14. Nf2 0-0-0 15. 0-0-0 Be7 16. g5 hxg5 17. hxg5 Nfd7 18. Rh3 Nxd3+ 19. Nxd3 f6 20. Rxh8 Rxh8 21. g6 Nb6 22. Rh1 Rd8 23. Rh7 Bf8 24. Be3 c5 25. Qf2 Nd7 26. Qf3 Qd6 27. Qf2 b4 28. axb4 cxb4 29. Na4 Bxe4 30. Bc5 Qc6 31. Bxf8 Bxd3 32. Nc5 Nxf8 33. Rxg7 Qh1+ 34. Kd2 Bxc2+ 35. Ke3 Qh6+ 0-1

[Event "Charleroi op"]
[Site "Charleroi"]
[Date "2011.07.31"]
[Round "2"]
[White "Cools, Gorik"]
[Black "Burnay, Gerard"]
[Result "1-0"]
[WhiteElo "2230"]
[BlackElo "1904"]
[PlyCount "99"]
[EventDate "2011.07.30"]
[EventType "swiss"]
[EventRounds "9"]
[EventCountry "BEL"]
[SourceTitle "EXT 2012"]
[Source "ChessBase"]
[SourceDate "2011.11.24"]
[SourceVersion "1"]
[SourceVersionDate "2011.11.24"]
[SourceQuality "1"]

1. e4 c5 2. Nf3 Nc6 3. d4 cxd4 4. Nxd4 Nf6 5. Nc3 e5 6. Ndb5 d6 7. Bg5 a6 8. Na3 b5 9. Bxf6 gxf6 10. Nd5 f5 11. exf5 Bxf5 12. c3 Bg7 13. Nc2 0-0 14. Nce3 Be6 15. g3 Rb8 16. Bg2 f5 17. Qh5 Ne7 18. 0-0 Nxd5 19. Nxd5 Kh8 20. Rfd1 Qd7 21. Rd2 e4 22. Rad1 Be5 23. a3 Rf7 24. Qh6 Rg8 25. Qe3 Rb8 26. Kh1 Rbf8 27. Nf4 Bb3 28. Rc1 Qc6 29. c4 Bxc4 30. b3 d5 31. Nxd5 Qxd5 32. Rxd5 Bxd5 33. f4 Bg7 34. h3 Bb7 35. Rd1 Rc8 36. Kh2 h6 37. Qb6 Bf6 38. Qe6 Kg7 39. Rd7 Rcf8 40. Qxf5 Rxd7 41. Qxd7+ Rf7 42. Qg4+ Kf8 43. Qg6 Bg7 44. Bxe4 Rf6 45. Qh7 Bc8 46. Bd5 Be6 47. Bxe6 Rxe6 48. Qf5+ Ke7 49. h4 Re2+ 50. Kh3 1-0

[Event "BEL-ch op"]
[Site "Antwerp"]
[Date "2011.07.10"]
[Round "9.3"]
[White "Cools, Gorik"]
[Black "Sadkowsky, Daniel"]
[Result "1/2-1/2"]
[WhiteElo "2230"]
[BlackElo "2258"]
[PlyCount "150"]
[EventDate "2011.07.02"]
[EventType "swiss"]
[EventRounds "9"]
[EventCountry "BEL"]
[SourceTitle "CBM 143 Extra"]
[Source "ChessBase"]
[SourceDate "2011.08.29"]
[SourceVersion "1"]
[SourceVersionDate "2011.08.29"]
[SourceQuality "1"]

1. e4 c5 2. Nf3 d6 3. d4 cxd4 4. Nxd4 Nf6 5. Nc3 a6 6. a4 e6 7. g3 Nc6 8. Bg2 Qc7 9. 0-0 Be7 10. Nb3 0-0 11. f4 b6 12. Be3 Bb7 13. g4 Rfe8 14. g5 Nd7 15. Rf3 Nc5 16. Rh3 g6 17. Qg4 Nb4 18. Nd4 f5 19. exf5 exf5 20. Nxf5 gxf5 21. Qxf5 Bf8 22. Bxc5 Bxg2 23. Bxb4 Bxh3 24. Qxh3 Qc4 25. Ba3 Qxf4 26. Qg2 Qe3+ 27. Kh1 Qe1+ 28. Qf1 Qxf1+ 29. Rxf1 Re5 30. b3 d5 31. Bb2 Rae8 32. h4 d4 33. Nd1 Re4 34. Kg2 Rxh4 35. Nf2 Bd6 36. Rd1 Re5 37. Bxd4 Rxg5+ 38. Kf1 Rf5 39. Bxb6 Rh1+ 40. Ke2 Rxd1 41. Nxd1 Kf7 42. Ne3 Rg5 43. Nc4 Bb8 44. Bf2 Ke6 45. Nd2 Rg4 46. c4 Bd6 47. Nf3 h5 48. Nd4+ Kf6 49. Nc2 a5 50. c5 Bc7 51. Ne3 Rd4 52. Nc4 Rd5 53. Ne3 Rd4 54. Nc2 Rg4 55. Ne3 Rg7 56. Kd3 Ke6 57. Be1 Bd8 58. Bc3 Rg3 59. Be1 Rh3 60. Ke4 Rh1 61. Bd2 Rg1 62. Nd5 h4 63. c6 Rd1 64. c7 Bxc7 65. Nxc7+ Kd7 66. Bf4 Rb1 67. Na6 Kc6 68. Nb8+ Kc5 69. Nd7+ Kb4 70. Bd2+ Kxb3 71. Bxa5 Kxa4 72. Bc7 Kb5 73. Ne5 h3 74. Nf3 Rb2 75. Bh2 Rxh2 1/2-1/2